=LDR 00000nam 2200000 4500 =001 INLIS000000000061949 =005 20230210075441 =035 ##$$a 0010-0223000021 =007 ta =008 230210###########################f#ind## =020 ##$$a 979-20-2844-7 =082 ##$$a 741.5 =084 ##$$a 741.5 SEI k =100 #$$a Seimaru Amagi =245 1#$$a Kindaichi Case /$c Seimaru Amagi, Fumiya Sato =250 ##$$a Vol. 5A =260 ##$$a Jakarta :$b Elex Media Komputindo,$c 2002 =300 ##$$a 188 halaman : $b Ilus. ; $c 18 cm =650 #4$$a Komik - Bacaan =990 ##$$a 00510051